[Event "Edinburgh op"]
[Site "Edinburgh"]
[Date "2002.04.06"]
[Round "2"]
[White "Briggs, Philip J"]
[Black "McNab, Colin Anderson"]
[Result "0-1"]
[WhiteElo "2205"]
[BlackElo "2425"]
[PlyCount "70"]
[EventDate "2002.??.??"]
[EventType "swiss"]
[EventRounds "5"]
[EventCountry "SCO"]
[SourceTitle "EXT 2004"]
[Source "ChessBase"]
[SourceDate "2003.11.25"]
[SourceVersion "1"]
[SourceVersionDate "2003.11.25"]
[SourceQuality "1"]

1. e4 g6 2. h4 d5 3. exd5 Nf6 4. c4 c6 5. Nc3 Bg7 6. d4 cxd5 7. cxd5 Nxd5 8. h5 Nc6 9. Nf3 Bg4 10. Bc4 Nxc3 11. bxc3 e6 12. Rb1 Qc7 13. Qb3 0-0-0 14. Bg5 Na5 15. Bxd8 Rxd8 16. Qa3 Nxc4 17. Qxa7 Bxf3 18. gxf3 Nd6 19. Rb3 Bf6 20. Kf1 Kd7 21. hxg6 hxg6 22. Rh7 Ke7 23. Qc5 Rc8 24. Qa3 Kf8 25. Qc1 Ra8 26. Qf4 Ke7 27. Qd2 Qc4+ 28. Kg2 Ra5 29. Rh3 Qa6 30. Qf4 Rxa2 31. Rh1 Rxf2+ 32. Kg3 Re2 33. Rhb1 e5 34. Qc1 exd4 35. cxd4 Qa5 0-1

[Event "BCF-ch 87th"]
[Site "Millfield"]
[Date "2000.08.04"]
[Round "5"]
[White "Wohl, Aleksandar H"]
[Black "Briggs, Philip J"]
[Result "1-0"]
[WhiteElo "2461"]
[BlackElo "2200"]
[PlyCount "93"]
[EventDate "2000.07.31"]
[EventType "swiss"]
[EventRounds "11"]
[EventCountry "ENG"]
[SourceTitle "CBM 077 Extra"]
[Source "ChessBase"]
[SourceDate "2000.09.14"]
[SourceVersion "1"]
[SourceVersionDate "2000.09.14"]
[SourceQuality "1"]

1. Nf3 d5 2. g3 Nc6 3. d4 Bg4 4. Bg2 g6 5. c4 Bg7 6. cxd5 Bxf3 7. Bxf3 Nxd4 8. Bg2 h5 9. Nc3 h4 10. e3 h3 11. Be4 Nf5 12. 0-0 Nd6 13. Bh1 Nf6 14. e4 Nh5 15. g4 Bxc3 16. bxc3 Ng7 17. e5 Nc8 18. Qd4 Kf8 19. Bf4 Rb8 20. Bg3 b5 21. Rfb1 Rb6 22. a4 bxa4 23. Qxa4 Kg8 24. c4 Kh7 25. c5 Rxb1+ 26. Rxb1 f6 27. Qc6 f5 28. e6 fxg4 29. Qa4 c6 30. Qxg4 cxd5 31. Qxh3+ Nh5 32. Bf3 Kg7 33. Be5+ Nf6 34. Qg3 a5 35. Rd1 Qg8 36. Bxd5 Rh5 37. Bf3 Rf5 38. Be4 Qxe6 39. Bxf5 Qxf5 40. Bxf6+ exf6 41. c6 Ne7 42. Rd7 Qb1+ 43. Kg2 Kf7 44. Qe3 Qb4 45. h3 Kf8 46. c7 Qb7+ 47. Kh2 1-0

[Event "BCF-ch 87th"]
[Site "Millfield"]
[Date "2000.08.02"]
[Round "3"]
[White "Webster, Andrew"]
[Black "Briggs, Philip J"]
[Result "1-0"]
[WhiteElo "2417"]
[BlackElo "2200"]
[PlyCount "55"]
[EventDate "2000.07.31"]
[EventType "swiss"]
[EventRounds "11"]
[EventCountry "ENG"]
[SourceTitle "CBM 077 Extra"]
[Source "ChessBase"]
[SourceDate "2000.09.14"]
[SourceVersion "1"]
[SourceVersionDate "2000.09.14"]
[SourceQuality "1"]

1. g3 h5 2. Nf3 c5 3. c4 Nc6 4. Nc3 Nf6 5. Bg2 g6 6. a3 Bg7 7. Rb1 a5 8. d4 d6 9. d5 Nb8 10. e4 Ng4 11. Ng5 Bd4 12. 0-0 h4 13. Nb5 hxg3 14. hxg3 Bf6 15. f3 Ne5 16. f4 Nxc4 17. b3 Nb6 18. e5 Bxg5 19. fxg5 Bd7 20. Qe2 0-0 21. e6 Bxb5 22. Qxb5 f6 23. gxf6 exf6 24. Bb2 Ra6 25. Rbe1 Nc8 26. g4 Rb6 27. Qd3 Kh7 28. g5 1-0

[Event "BCF-ch 87th"]
[Site "Millfield"]
[Date "2000.07.31"]
[Round "1"]
[White "Gormally, Daniel"]
[Black "Briggs, Philip J"]
[Result "1-0"]
[WhiteElo "2499"]
[BlackElo "2200"]
[PlyCount "77"]
[EventDate "2000.07.31"]
[EventType "swiss"]
[EventRounds "11"]
[EventCountry "ENG"]
[SourceTitle "CBM 077 Extra"]
[Source "ChessBase"]
[SourceDate "2000.09.14"]
[SourceVersion "1"]
[SourceVersionDate "2000.09.14"]
[SourceQuality "1"]

1. d4 Nf6 2. Nf3 c6 3. c4 d5 4. Nc3 g6 5. Bg5 Bg7 6. e3 0-0 7. Qb3 Ne4 8. Bh4 dxc4 9. Bxc4 Nd6 10. Be2 Be6 11. Qc2 Nd7 12. 0-0 Nf5 13. Bg5 Nb6 14. Rad1 h6 15. Bf4 Nd5 16. Be5 Nfxe3 17. fxe3 Nxe3 18. Qe4 Nxd1 19. Rxd1 Qb6 20. Bxg7 Kxg7 21. Qe5+ Kh7 22. b3 Rad8 23. h4 Qb4 24. Qe3 Bf5 25. h5 gxh5 26. Bd3 Bxd3 27. Qxd3+ f5 28. Re1 Rf6 29. Re5 e6 30. Ne2 Qa3 31. Qe3 Re8 32. Nf4 Qxa2 33. Nxe6 Rg8 34. Nf4 Rf7 35. Kh2 Rfg7 36. Nh4 Qc2 37. Re6 a5 38. Qh3 Rg5 39. Qf3 1-0

[Event "London SCCU op"]
[Site "London"]
[Date "1995.08.??"]
[Round "6"]
[White "Briggs, Philip J"]
[Black "Costello, Colin"]
[Result "0-1"]
[WhiteElo "2280"]
[BlackElo "2115"]
[PlyCount "118"]
[EventDate "1995.08.14"]
[EventType "swiss"]
[EventRounds "9"]
[EventCountry "ENG"]
[SourceTitle "EXT 1999"]
[Source "ChessBase"]
[SourceDate "1998.11.16"]
[SourceVersion "1"]
[SourceVersionDate "1998.11.16"]
[SourceQuality "1"]

1. e4 e6 2. d4 d5 3. Nc3 Bb4 4. e5 c5 5. dxc5 Nc6 6. Nf3 f6 7. Bd3 fxe5 8. Nxe5 Nxe5 9. Qh5+ Nf7 10. 0-0 Nf6 11. Qe2 Bxc5 12. Bb5+ Kf8 13. Na4 Bd6 14. Be3 Bd7 15. Nc5 Bxc5 16. Bxc5+ Kg8 17. c4 Bxb5 18. cxb5 Ng5 19. Bd4 h5 20. h4 Nf7 21. Qxe6 Qd7 22. Qxd7 Nxd7 23. Rfc1 Nf8 24. Rc5 Rd8 25. Re1 Rh6 26. Rcc1 b6 27. a4 Re6 28. Red1 Re4 29. f3 Re7 30. Rc6 Ne6 31. b4 Nxd4 32. Rxd4 Ne5 33. Rc2 Red7 34. f4 Nc4 35. Kf2 Kf7 36. Kf3 Kf6 37. g3 Kf5 38. Rg2 Re8 39. Rc2 Re3+ 40. Kf2 Ree7 41. Kf3 g6 42. Rc3 Kf6 43. Rc2 Ke6 44. Re2+ Kd6 45. Rc2 Rc7 46. Rd3 Re4 47. a5 Rce7 48. axb6 Re3+ 49. Rxe3 Rxe3+ 50. Kf2 axb6 51. Rxc4 dxc4 52. Kxe3 Kd5 53. Kd2 Kd4 54. Kc2 c3 55. g4 hxg4 56. f5 gxf5 57. h5 Ke5 58. Kxc3 g3 59. h6 Kf6 0-1

[Event "London SCCU op"]
[Site "London"]
[Date "1995.08.??"]
[Round "9"]
[White "Briggs, Philip J"]
[Black "Harris, Costas"]
[Result "0-1"]
[WhiteElo "2280"]
[BlackElo "1736"]
[PlyCount "102"]
[EventDate "1995.08.14"]
[EventType "swiss"]
[EventRounds "9"]
[EventCountry "ENG"]
[SourceTitle "EXT 1999"]
[Source "ChessBase"]
[SourceDate "1998.11.16"]
[SourceVersion "1"]
[SourceVersionDate "1998.11.16"]
[SourceQuality "1"]

1. e4 e6 2. d4 d5 3. Nc3 Nf6 4. Bg5 Bb4 5. e5 h6 6. exf6 hxg5 7. fxg7 Rg8 8. h4 gxh4 9. Qh5 Qf6 10. Nf3 Qxg7 11. Rxh4 Nd7 12. 0-0-0 Bxc3 13. bxc3 Qf8 14. g4 Qa3+ 15. Kd2 Nf6 16. Qe5 Ne4+ 17. Ke3 Qxc3+ 18. Bd3 Bd7 19. Rb1 0-0-0 20. Rb3 Qa1 21. Ke2 Ba4 22. Rh7 Bxb3 23. axb3 Nd6 24. g5 Kb8 25. Qf4 Rdf8 26. Ne5 Ka8 27. Nxf7 a6 28. g6 Qg1 29. Qg3 Qxg3 30. fxg3 Nxf7 31. Rxf7 Rxf7 32. gxf7 Rf8 33. Bg6 Kb8 34. g4 Kc8 35. g5 Kd7 36. Bh5 Ke7 37. g6 Kf6 38. Ke3 a5 39. c4 dxc4 40. bxc4 c6 41. Kd3 Kg7 42. c5 Kh6 43. Kc4 Kg7 44. Kb3 Rd8 45. Ka4 Rxd4+ 46. Kxa5 Rd5 47. Bg4 Rxc5+ 48. Kb6 Rg5 49. Bxe6 Rxg6 50. Bc8 c5+ 51. Kxc5 Rc6+ 0-1

[Event "London SCCU op"]
[Site "London"]
[Date "1995.08.??"]
[Round "8"]
[White "Van Zyil Smit, Konrad"]
[Black "Briggs, Philip J"]
[Result "1/2-1/2"]
[WhiteElo "2100"]
[BlackElo "2280"]
[PlyCount "97"]
[EventDate "1995.08.14"]
[EventType "swiss"]
[EventRounds "9"]
[EventCountry "ENG"]
[SourceTitle "EXT 1999"]
[Source "ChessBase"]
[SourceDate "1998.11.16"]
[SourceVersion "1"]
[SourceVersionDate "1998.11.16"]
[SourceQuality "1"]

1. e4 e5 2. Nf3 Nf6 3. Nc3 Nc6 4. d4 exd4 5. Nd5 Be7 6. Nxd4 Nxd4 7. Qxd4 Nxd5 8. Qxd5 0-0 9. Bc4 c6 10. Qh5 d5 11. exd5 cxd5 12. Qxd5 Qc7 13. Qd3 Bf5 14. Qxf5 Qxc4 15. Qd3 Bb4+ 16. Kf1 Qc6 17. Be3 Rad8 18. Qe2 Rfe8 19. Kg1 Rd2 20. Qf3 Qxf3 21. gxf3 Rxc2 22. Bxa7 Rxb2 23. Bd4 Rd2 24. Be3 Rc2 25. Rb1 Bd6 26. Rxb7 Rxa2 27. Rd7 Bf8 28. Rd2 Rxd2 29. Bxd2 Bc5 30. Kf1 f5 31. h4 Kf7 32. Bf4 Ra8 33. Kg2 Ra2 34. Rf1 Ra4 35. Kg3 Ra6 36. h5 Ra4 37. Be3 Bd6+ 38. f4 g5 39. hxg6+ hxg6 40. Rd1 Ke6 41. Kf3 Ra3 42. Rg1 Kf7 43. Rd1 Bc5 44. Rc1 Bxe3 45. fxe3 Ra6 46. Rc3 Ke6 47. e4 fxe4+ 48. Kxe4 Ra4+ 49. Kf3 1/2-1/2

[Event "Hastings Masters"]
[Site "Hastings"]
[Date "1995.??.??"]
[Round "5"]
[White "Bisby, Daniel L"]
[Black "Briggs, Philip J"]
[Result "1/2-1/2"]
[WhiteElo "2120"]
[BlackElo "2280"]
[PlyCount "130"]
[EventDate "1995.08.??"]
[EventType "swiss"]
[EventRounds "9"]
[EventCountry "ENG"]
[SourceTitle "CBM 048 Extra"]
[Source "ChessBase"]
[SourceDate "1995.11.01"]
[SourceVersion "1"]
[SourceVersionDate "1995.11.01"]
[SourceQuality "1"]

1. e4 e5 2. Nf3 Nf6 3. Bc4 Nxe4 4. Nc3 Nc6 5. Nxe4 d5 6. Bb5 dxe4 7. Nxe5 Qg5 8. d4 Qxg2 9. Rf1 Bh3 10. Nxc6 bxc6 11. Bxc6+ Kd8 12. Bb5 Rb8 13. Qh5 Bd6 14. Be2 f6 15. c4 Qxh2 16. c5 Bxf1 17. cxd6 Qxh5 18. dxc7+ Kxc7 19. Bf4+ Kd7 20. Bxh5 Bh3 21. Bxb8 Rxb8 22. b3 g6 23. Be2 h5 24. Kd2 Ke6 25. Rc1 Kd6 26. Ke3 Bf5 27. Rh1 Be6 28. Rg1 Rg8 29. Kxe4 h4 30. Bc4 h3 31. Kf4 Rh8 32. Kg3 h2 33. Rh1 Rh3+ 34. Kg2 Rh4 35. Rxh2 Rxd4 36. Bxe6 Kxe6 37. Rh7 a5 38. Ra7 Rd5 39. Kf3 Kf5 40. Ke3 g5 41. f3 Rb5 42. Ra6 Ke5 43. Rc6 f5 44. Rc4 f4+ 45. Ke2 Kf5 46. Rc8 a4 47. bxa4 Rb2+ 48. Kf1 Rxa2 49. Ra8 Ke5 50. Re8+ Kd5 51. Re4 Rb2 52. Kg1 Rc2 53. Kf1 Ra2 54. Kg1 Kc5 55. Kf1 Rd2 56. Ke1 Rh2 57. Kf1 Kd5 58. Kg1 Rb2 59. Kf1 Rb7 60. Kg1 Rf7 61. Rb4 Ke5 62. a5 Ra7 63. Rb5+ Kf6 64. Rb6+ Ke5 65. Rb5+ Kf6 1/2-1/2

[Event "Hastings Masters"]
[Site "Hastings"]
[Date "1995.??.??"]
[Round "8"]
[White "Briggs, Philip J"]
[Black "Bouchaud, Vincent"]
[Result "1-0"]
[WhiteElo "2280"]
[BlackElo "2180"]
[PlyCount "96"]
[EventDate "1995.08.??"]
[EventType "swiss"]
[EventRounds "9"]
[EventCountry "ENG"]
[SourceTitle "CBM 048 Extra"]
[Source "ChessBase"]
[SourceDate "1995.11.01"]
[SourceVersion "1"]
[SourceVersionDate "1995.11.01"]
[SourceQuality "1"]

1. e4 e5 2. Nf3 Nc6 3. Nc3 Nf6 4. Bb5 Bb4 5. 0-0 0-0 6. d3 d6 7. Bg5 Bxc3 8. bxc3 h6 9. Bd2 Ne7 10. Re1 c6 11. Ba4 Ng6 12. d4 Qe7 13. c4 Bg4 14. d5 b5 15. cxb5 cxd5 16. exd5 Nxd5 17. Bb3 Nc7 18. h3 Bxf3 19. Qxf3 Nxb5 20. Qd3 Nd4 21. Bd5 Ne6 22. Bxa8 Rxa8 23. Rab1 Rd8 24. c4 Ngf4 25. Qf3 Qd7 26. Bxf4 Nxf4 27. Qe4 Rc8 28. Rec1 f5 29. Qf3 Qf7 30. Kh2 Rc7 31. g3 Ne6 32. Qd5 Rd7 33. Rb8+ Kh7 34. Rcb1 f4 35. Qe4+ g6 36. R8b7 fxg3+ 37. fxg3 Nc5 38. Rxd7 Qxd7 39. Qg2 Qf7 40. Qe2 h5 41. Rf1 Qe7 42. Qf3 Kg7 43. Qd5 Qe6 44. Qxe6 Nxe6 45. Kg2 Nc5 46. Rd1 Nb7 47. c5 Nxc5 48. Rxd6 Kf7 1-0